000 00560nam a2200169Ia 4500
003 LK-CoDNM
008 010623t2012 xxu||||| |||| 00| 1 sin d
040 _aLK-CoDNM
_dLK-CoDNM
_eLK-CoDNM
041 _asin
080 _a294.3 VIM
100 _aVimalajothi himi,Sri Welegam Madde
245 _aබුද්ධ චරිතයේ ලාංකේය වර්ධනය පිළිබඳ අධ්‍යයනයක්
246 _aBiddha Charithaye Lankeya Wardanaya Pilibada Adyanayak
260 _bS.n
_aS.I
_c2012
300 _b261, 21 cm
942 _cBK
999 _c132622
_d132622